000 00400 a2200145 4500
005 20250629141314.0
020 _a978-81-203-1251-7
082 _a658 DAT
100 _aDATTA.A.K
245 _aMaterials Management Procedures,Text and Cases
250 _a2nd Ed.
260 _aNew Delhi
_bPHI Learning Private Limited
_c2009
300 _axiv,404p.;ill,figure
_bGlossary,Index
_c24cm.
942 _2ddc
_cBKS
999 _c6392
_d6392